LEADER 01013nam a2200265 i 4500 001 000000164977 003 CaOOAMICUS 005 20190307153430.0 008 071004s1967 gw u000 u ger u 013 $a142345 020 $a3-423-00400-2 040 $aSeMil$bita 100 1 $aBöll, Heinrich,$d<1917-1985>.$0(OLS)http://semarc/name/16455 245 10$aAnsichten eines Clowns :$bRoman /$cHeinrich Böll. 260 $aMünchen :$bDeutscher Taschenbuch-Verlag,$c1967. 300 $a252 p. ;$c18 cm. 490 0 $aDtv ;$v400 830 0$aDtv ;$v400.$0(OLS)http://semarc/title/24372 850 $aSeMil 852 $aSeMil$W1$xVenegono$y1$m1W I 659$j248494$B116176$CSeMilBibl$Z2$F127033 $81 961 $aRecupero: Altro 996 $6020$a3-423-00400-2$9(OLS)http://semarc/number/151299 996 $6245$aAnsichten eines Clowns :$bRoman$9(OLS)http://semarc/title/235410 996 $6260$aMünchen :$bDeutscher Taschenbuch-Verlag$9(OLS)http://semarc/publisher/40081 LEADER 01620nam a2200301 i 4500 001 000000355052 003 CaOOAMICUS 005 20230817110608.0 008 230817s2023 gw m u000 u fre u 020 $a978-3-11-111733-1 040 $aSeMil$bita 100 1 $aDehorter, Sébastien.$0(OLS)http://semarc/name/118074 245 10$aPortrait d?une Église crucifiée :$bidentité ecclésiale et langage paulinien de la Croix /$cSébastien Dehorter. 264 1$aBerlin ; Boston :$bDe Gruyter,$c2023. 300 $aXXI, 492 p ;$c24 cm 490 1 $aBeihefte zur Zeitschrift für die neutestamentliche Wissenschaft ;$v261 502 $aTesto rivisto della tesi, Université Catholique de Louvain, 2019 504 $aBibliographie, p. [457]-475 650 4$aPaolo - Croce.$0(OLS)http://semarc/subject/54186 650 04$aBibbia. Nuovo Testamento. Lettere ai Galati - Commentari, studi, critica, interpretazioni.$0(OLS)http://semarc/subject/5754 650 4$aPaolo - Ecclesiologia.$0(OLS)http://semarc/subject/13077 830 0$aBeihefte zur Zeitschrift für die neutestamentliche Wissenschaft ;$v261.$0(OLS)http://semarc/title/420948 850 $aSeMil 852 $aSeMil$W1$xVenegono$y1$m2XA R 261$j243097$B246339$CSeMilBibl$Z2$F246339 $81 996 $6020$a978-3-11-111733-1$9(OLS)http://semarc/number/298678 996 $6245$aPortrait d?une Église crucifiée :$bidentité ecclésiale et langage paulinien de la Croix$9(OLS)http://semarc/title/445217 996 $6264$aBerlin ; Boston :$bDe Gruyter$9(OLS)http://semarc/publisher/36449